000
00314nam a2200133Ia 4500
100
_a
Millman/J/ Taub and Herbert
942
_c
BK
654
_a
pulse
245
_a
Pulse digital and switching waveforms
260
_b
Mc Graw Hill
_a
New Delhi
_c
1965
082
_a
621.3815
_b
MR
300
_a
958
546
_a
ENGLISH
999
_c
21860
_d
21860